Republic of Latvia : Report on the Observance of Standards and Codes on Anti-Money Laundering and Combating the Financing of Terrorism.

This report reviews the Observance of Standards and Codes on Anti-Money Laundering and Combating the Financing of Terrorism (AML/CFT) for the Republic of Latvia. Latvia has taken strong measures in recent years, through legislative amendments and improvements in implementation, to address deficienci...

Descripció completa

Dades bibliogràfiques
Autor corporatiu: International Monetary Fund
Format: Revista
Idioma:English
Publicat: Washington, D.C. : International Monetary Fund, 2007.
Col·lecció:IMF Staff Country Reports; Country Report ; No. 2007/188
Accés en línia:Full text available on IMF
LEADER 01730cas a2200241 a 4500
001 AALejournalIMF009341
008 230101c9999 xx r poo 0 0eng d
020 |c 5.00 USD 
020 |z 9781451946970 
022 |a 1934-7685 
040 |a BD-DhAAL  |c BD-DhAAL 
110 2 |a International Monetary Fund. 
245 1 0 |a Republic of Latvia :   |b Report on the Observance of Standards and Codes on Anti-Money Laundering and Combating the Financing of Terrorism. 
264 1 |a Washington, D.C. :  |b International Monetary Fund,  |c 2007. 
300 |a 1 online resource (19 pages) 
490 1 |a IMF Staff Country Reports 
500 |a <strong>Off-Campus Access:</strong> No User ID or Password Required 
500 |a <strong>On-Campus Access:</strong> No User ID or Password Required 
506 |a Electronic access restricted to authorized BRAC University faculty, staff and students 
520 3 |a This report reviews the Observance of Standards and Codes on Anti-Money Laundering and Combating the Financing of Terrorism (AML/CFT) for the Republic of Latvia. Latvia has taken strong measures in recent years, through legislative amendments and improvements in implementation, to address deficiencies in its AML/CFT framework and move closer to compliance with the Financial Action Task Force (FATF) Recommendations. Most of the necessary AML/CFT institutions and legal framework are now in place, although coverage of some designated nonfinancial businesses and professions (DNFBPs) is not yet complete. 
538 |a Mode of access: Internet 
830 0 |a IMF Staff Country Reports; Country Report ;  |v No. 2007/188 
856 4 0 |z Full text available on IMF  |u http://elibrary.imf.org/view/journals/002/2007/188/002.2007.issue-188-en.xml  |z IMF e-Library